Başakşehir FK Current Squad (24/25) - Statistics

General Stats
  • This quiz has been taken 5 times
  • The average score is 12 of 30
Answer Stats
Answer % Correct
Krzysztof Piatek
100%
Muhammed Şengezer
100%
Volkan Babacan
100%
Deniz Türüç
80%
Yusuf Sarı
80%
Christopher Operi
60%
Festy Ebosele
60%
Ivan Brnic
60%
Jerome Opoku
60%
Léo Duarte
60%
Miguel Crespo
60%
Olivier Kemen
60%
Ousseynou Ba
60%
Philippe Keny
60%
Umut Güneş
60%
Ömer Ali Şahiner
40%
Deniz Dilmen
20%
Ömer Beyaz
20%
Patryk Szysz
20%
Serdar Gürler
20%
Abdoulaye Yoro
0%
Berat Özdemir
0%
Çağdaş Atan
0%
Halit Emre Acun
0%
Hamza Güreler
0%
João Figueiredo
0%
Lucas Lima
0%
Matchoi Djaló
0%
Onur Ergün
0%
Yusuf Yılmaz
0%
No matching quizzes found
Score Distribution
Percent of People with Each Score
Percentile by Number Answered
Your Score History
You have not taken this quiz